La última década lusitana de Ceuta / (Record no. 121864)

MARC details
000 -LEADER
campo de control de longitud fija 00543nam a2200169 4500
001 - NÚMERO DE CONTROL
campo de control 121864
003 - IDENTIFICADOR DE NÚMERO DE CONTROL
campo de control ES-MaACL
005 - FECHA Y HORA DE LA ÚLTIMA TRANSACCIÓN
campo de control 20230906191840.0
007 - CAMPO FIJO DE DESCRIPCIÓN FÍSICA--INFORMACIÓN GENERAL
campo de control de longitud fija t|
008 - DATOS DE LONGITUD FIJA--INFORMACIÓN GENERAL
campo de control de longitud fija 070214s1967 sp r ||||1| spa d
100 1# - ENTRADA PRINCIPAL--NOMBRE DE PERSONA
Nombre de persona Posac Mon, Carlos F.
9 (RLIN) 93314
245 13 - MENCIÓN DEL TÍTULO
Título La última década lusitana de Ceuta /
Mención de responsabilidad, etc. por Carlos F. Posac Mon.
260 ## - PUBLICACIÓN, DISTRIBUCIÓN, ETC.
Lugar de publicación, distribución, etc. Ceuta :
Nombre del editor, distribuidor, etc. Instituto Nacional de Enseñanza Media,
Fecha de publicación, distribución, etc. 1967.
300 ## - DESCRIPCIÓN FÍSICA
Extensión 121 p., 8 lám. ;
Dimensiones 24 cm.
710 2# - ENTRADA AGREGADA--NOMBRE DE ENTIDAD CORPORATIVA
Nombre de entidad corporativa o nombre de jurisdicción como elemento de entrada Instituto Nacional de Enseñanza Media.
9 (RLIN) 5155
852 ## - LOCALIZACIÓN
Ubicación ES-MaACL
Número de control de estantería C-34336
Sublocalización o colección R.64508
Holdings
Estatus retirado Estado de pérdida Estado de daño No para préstamo Biblioteca de origen Biblioteca actual Ubicación en estantería Fecha de adquisición Fuente de adquisición Total de préstamos Signatura topográfica completa Código de barras Visto por última vez Precio de reemplazo Tipo de ítem Koha
        Biblioteca del Ateneo de Madrid Biblioteca del Ateneo de Madrid Depósito 2 17/01/2008     C-34336 1126998 23/02/2023 23/02/2023 Libro impreso